000 00730ngm a22003010a 4500
001 PT41778
003 AR-LpoUNG
005 20210201232330.0
007 co ||u|||uuuuu
008 191001s2007||||ag |||||||||||||||||spa d
037 _c$7.50
040 _aAR-LpoUNG
_bspa
_cAR-LpoUNG
_eaacr
041 _aspa
044 _aag
082 0 _a781.628 2 385men
100 1 _aMartinez, Nuria
245 1 0 _aMensajes en el viento
260 _as.l. :
_bChaya Comunicación Cooperativa,
_c2007.
300 _ason. (ca. 75 min.)
650 4 _aARTE POPULAR
650 4 _aMUSICA
651 4 _aArgentina
653 _aCD
653 _aINSTRUMENTOS DE VIENTO
653 _aMUSICA ETNICA
905 _a41778
942 _cCDDVD
999 _c53390
_d53390